Statistics for The Maze Runner (Book 1)

Click here to take the quiz!

General Stats

  • This quiz has been taken 573 times
  • The average score is 12 of 15

Answer Stats

HintAnswer% Correct
Who is called Greenie or Greenbean at the begining of the book?Thomas
99%
Who walks with a limp?Newt
97%
Who is the leader of the Glade?Alby
96%
Who is killed by Gally at the end of the book?Chuck
96%
Who suggests that Thomas should become the keeper of the runners?Minho
95%
Who is the last EVER Glader?Teresa
90%
What is the disease called that has infected humanity?The Flare
83%
What organisation fakes their deaths at the end of the book?WICKED
82%
Who was going through the Changing at the beginning of the book and can be heard screaming?Ben
78%
Who gives the warning that the Grievers will take one boy a night?Gally
76%
How long have the Gladers been trapped inside the Glade?2 years
73%
Who is the keeper of the Butchers?Winston
71%
The exit from the Maze is hidden over the edge of what?The Cliff
61%
What is the name of the building where some of the Gladers sleep?The Homestead
49%
What objects is the phrase 'WICKED is good' written on?Beatle Blades
26%

Score Distribution

Percentile by Number Answered

Percent of People with Each Score

Your Score History

You have not taken this quiz